000 00955nam a2200229 i 4500
001 68504
003 ES-MaACL
005 20230906170311.0
007 t|
008 040630s1963 sp ||||1| spa d
080 _a946.711 Villanueva y Geltrú
100 1 _aGarí y Siumell, José Antonio.
_955546
245 1 0 _aDescripción é historia de la villa de Villanueva y Geltrú desde su fundación hasta nuestros días /
_cpor ... Fr. José Antonio Gari y Siumell.
260 _a[Vilanova y la Geltrú] :
_bJoan Rius Vila,
_c[1963]
300 _a272 p., 2 pln. pleg. :
_bil. ;
_c23 cm.
490 1 _aBiblioteca d'Estudis Vilanovins i de la Seva Comarca ;
_v1
500 _aReproducción de la ed. de: Villanueva : Imp. de Leandro Creus, 1860.
651 4 _aVilanova i la Geltrú-
_xHistoria.
_99538
830 0 _aBiblioteca d'Estudis Vilanovins i de la Seva Comarca ;
_v1
_9230948
852 _aES-MaACL
_jC-23962
_bR.52589
999 _c68504
_d68504